| 000 | 00375nam a22001217a 4500 | ||
|---|---|---|---|
| 082 |
_aCP-33 _bCE-444 |
||
| 100 |
_aDr.Muhammad Irfan _917128 |
||
| 245 |
_aTrafic Engg & Saifty CE-444 Spring 2015 BE-Civil Engg OD-78/CED-79 Nil _cDr.Muhammad Irfan |
||
| 250 | _aSpring 2015 BE-Civil Engg | ||
| 260 |
_aRisalpur _bMCE _c2016 |
||
| 526 |
_a0 _b1 _c0 _dCP_33_CE444 |
||
| 942 |
_2ddc _cBK |
||
| 999 |
_c553660 _d553660 |
||